000 00358nam a2200133Ia 4500
005 20260328104251.0
008 260328s9999||||xx |||||||||||||| ||und||
100 _aMoya Tasquer, Rolando
245 0 _aArquitectura Contemporánea. Nuevos Caminos en Ecuador /
_cRolando Moya Tasquer
260 _bFraga
300 _a183 p.
650 _aECUADOR
942 _cBK
999 _c10237
_d10237